Extreme events in socio-economic and political complex systems, predictability of

Gespeichert in:  
Bibliographische Detailangaben
VerfasserInnen: Keilis-Borok, Vladimir (Verfasst von) ; Licthman, Allan (Verfasst von) ; Soloviev, Alexandre (Verfasst von)
Medienart: Elektronisch Aufsatz
Sprache:Englisch
Veröffentlicht: Springer 2011
In:Enthalten in: Extreme Environmental Events: Complexity in Forecasting and Early Warning - Selected Entries from the Encyclopedia of Complexity and Systems Science 1(2011), Seite 551-567
Online-Zugang: Volltext (lizenzpflichtig)
Verfügbarkeit prüfen: HBZ Gateway

MARC

LEADER 00000caa a22000002c 4500
001 1912553473
003 DE-627
005 20260209104419.0
007 cr uuu---uuuuu
008 241217s2011 xx |||||o 00| ||eng c
024 7 |a 10.1007/978-1-4419-7695-6_30  |2 doi 
035 |a (DE-627)1912553473 
035 |a (DE-599)KXP1912553473 
040 |a DE-627  |b ger  |c DE-627  |e rda 
041 |a eng 
084 |a 2,1  |2 ssgn 
100 1 |a Keilis-Borok, Vladimir  |e VerfasserIn  |4 aut 
245 1 0 |a Extreme events in socio-economic and political complex systems, predictability of 
264 1 |b Springer  |c 2011 
336 |a Text  |b txt  |2 rdacontent 
337 |a Computermedien  |b c  |2 rdamedia 
338 |a Online-Ressource  |b cr  |2 rdacarrier 
700 1 |a Licthman, Allan  |e VerfasserIn  |4 aut 
700 1 |a Soloviev, Alexandre  |e VerfasserIn  |4 aut 
773 0 8 |i Enthalten in  |t Extreme Environmental Events: Complexity in Forecasting and Early Warning - Selected Entries from the Encyclopedia of Complexity and Systems Science  |g 1(2011), Seite 551-567 
773 1 8 |g volume:1  |g year:2011  |g pages:551-567 
787 0 8 |i Forschungsdaten  |a Carlson, Susan M.  |t Uniform Crime Reports: Monthly Weapon-Specific Crime and Arrest Time Series, 1975-1993 (National, State, and 12-City Data)  |d [Erscheinungsort nicht ermittelbar] : [Verlag nicht ermittelbar], 1998  |w (DE-627)1840064889 
856 4 0 |u https://doi.org/10.1007/978-1-4419-7695-6_30  |x Resolving-System  |z lizenzpflichtig  |3 Volltext  |7 1 
935 |a mkri 
951 |a AR 
ELC |a 1 
LOK |0 000 xxxxxcx a22 zn 4500 
LOK |0 001 4637518970 
LOK |0 003 DE-627 
LOK |0 004 1912553473 
LOK |0 005 20241217044451 
LOK |0 008 241217||||||||||||||||ger||||||| 
LOK |0 035   |a (DE-2619)ICPSR174049 
LOK |0 040   |a DE-2619  |c DE-627  |d DE-2619 
LOK |0 092   |o n 
LOK |0 852   |a DE-2619 
LOK |0 852 1  |9 00 
LOK |0 935   |a uvkn  |a nacp 
LOK |0 939   |a 17-12-24  |b l01 
ORI |a WA-MARC-krimdoka001.raw